Annual survey of industries 1982-83 (Record no. 162540)

MARC details
000 -LEADER
fixed length control field 00361nam a22001337a 4500
003 - CONTROL NUMBER IDENTIFIER
control field OSt
082 ## - DEWEY DECIMAL CLASSIFICATION NUMBER
Item number DEP/AN
245 ## - TITLE STATEMENT
Title Annual survey of industries 1982-83
Remainder of title : Kerala state
260 ## - PUBLICATION, DISTRIBUTION, ETC. (IMPRINT)
Place of publication, distribution, etc Trivandrum
Name of publisher, distributor, etc Department of economics and statistics
Date of publication, distribution, etc 1982
300 ## - PHYSICAL DESCRIPTION
Extent 98p.
500 ## - GENERAL NOTE
General note Received as gratis from Dr.M Mohandas
546 ## - LANGUAGE
Language note English
942 ## - ADDED ENTRY ELEMENTS (KOHA)
Source of classification or shelving scheme Dewey Decimal Classification
Koha item type Report
Holdings
Lost status Source of classification or shelving scheme Damaged status Not for loan Home library Current library Shelving location Date acquired Total Checkouts Full call number Barcode Date last seen Koha item type
  Dewey Decimal Classification     KAU Central Library, Thrissur KAU Central Library, Thrissur Reports 12/11/2018   DEP/AN 810066 12/11/2018 Report
Kerala Agricultural University Central Library
Thrissur-(Dt.), Kerala Pin:- 680656, India
Ph : (+91)(487) 2372219
E-mail: librarian@kau.in
Website: http://library.kau.in/